000 01075nam a2200289 i 4500
001 187613
003 ES-MaACL
005 20231212165109.0
008 171211s2016 sp a |||| | spa d
020 _a978-84-608-9493-3
080 _a55 (460.27 Cercedilla)
080 _a911.2 (460.27 Cercedilla)
100 1 _aAcaso Deltell, Eduardo,
_9163898
245 1 0 _aEl valle de Cercedilla
_b: geología y paisaje /
_cEduardo Acaso.
250 _a1ª ed.
260 _aCercedilla :
_bFundación Cultural de Cercedilla,
_c2016.
300 _a148 p. :
_bil. col., mapas ;
_c22 cm.
490 1 _aCuadernos de Cercedilla ;
_v7
504 _aBibliografía: p. 141-145.
650 4 _aGeología-
_xCercedilla.
_9164012
651 4 _aCercedilla-
_xGeografía física.
_9164013
830 0 _aCuadernos de Cercedilla ;
_v7
_9192809
852 _aES-MaACL
_jA-14056
_9194699
_bR.151432
_cDEPO1
_dOlim: N-7056
_gDedicatoria autógrafa del autor
_hDonación: Eduardo Acaso
903 _9163898
_aAcaso Deltell, Eduardo,
_ednr
942 _2udc
_cMONOGRAFIA
999 _c187613
_d187613